000 00494nam a2200157Ia 4500
008 140609s9999 xx 000 0 und d
020 _a9789715845571
050 _aH 85
_b.L698 2007
245 _a(LET) reviewer in the social sciences (part I) /
_cLydia N. Agno … [et al.]
260 _aQuezon City, Philippines :
_bC&E Publishing, Inc.,
_cc2007.
300 _a109 p. ;
_c26 cm.
440 _a(Licensure examinations for teachers).
521 _aGE
942 _kLOC
_cBK
999 _c118241
_d118241